SAS FORUM 2006 Bratislava, Hotel Carlton, 10. október 2006

Guardado en:
Detalles Bibliográficos
Autor Corporativo: SAS FORUM 2006
Formato: Libro
Lenguaje:eslovaco
inglés
Publicado: Bratislava SAS Institute 2006
Materias:
Etiquetas: Agregar Etiqueta
Sin Etiquetas, Sea el primero en etiquetar este registro!

MARC

LEADER 00000nlm$a2200000$$$4500
001 0053180
005 20221121103457.1
041 0 |a slo 
041 0 |a eng 
044 |a SK 
245 1 0 |a SAS FORUM 2006  |b Bratislava, Hotel Carlton, 10. október 2006 
264 1 |a Bratislava  |b SAS Institute  |c 2006 
300 |a CD-ROM 
610 2 0 |a inteligencia umelá 
610 2 0 |a dáta 
610 2 0 |a systémy operačné 
610 2 0 |a systémy počítačové 
610 2 0 |a technológie informačné 
610 2 0 |a 2006 
110 2 |a SAS FORUM 2006